000 00460nam a2200181Ia 4500
008 120720t2001 xxu||||| |||| 00| 0 sin d
041 _asin
080 _a8-31 (Russian)
_bBON
100 _aBonderyev , Uri
245 _aඋණු හිම
246 _aUnu Hima
260 _aKurulu Books
_aRajagiriya
_c2001
300 _b292p, 21 cm
700 _aRudriru , Dadigama V,
_etr.
942 _cBK
999 _c40288
_d40288
003 LK-CoDNM
040 _aLK-CoDNM
_dLK-CoDNM
_eLK-CoDNM